000 01002cab a2200265 4500
001 WB3104-37
008 090401t1995 xxu||||| |||| 00| 0 eng d
035 _a(Sirsi) u75202
041 _aeng
245 _a£63,000 for deceived housebuyer
260 _c1995
350 _a0
490 _aDaily Telegraph
_v25 January 1995, 3
490 _aObserver
_v29 January 1995, 16(1)
520 _a£63,000 has been awarded to a homeowner as compensation for loss in value to a property caused by construction of a bypass close by, the prospect of which had been withheld by the former owner, a councillor who knew of the scheme when he bought the house six months earlier.
650 _aCOMPENSATION
650 _aLEGAL SEARCHES
650 _aLOSS IN VALUE
650 _aPRIOR KNOWLEDGE
650 _aPROPERTY-INFRASTRUCTURE-TRANSPORT INFRASTRUCTURE-ROAD INFRASTRUCTURE
650 _aVENDOR AND PURCHASER
690 _aPROPERTY LAW AND PRACTICE-CASE LAW
942 _n0
948 _c04/03/1997
999 _c47377
_d47377